| 000 | 02053cam a2200553 i 4500 | ||
|---|---|---|---|
| 001 | 2386 | ||
| 003 | KOSZ 005 | ||
| 005 | 20250801065405.0 | ||
| 008 | 250731s1985 pl a f 000 0 pol | ||
| 015 | _aUWD 1985/7229 | ||
| 020 | _a8320406536 | ||
| 035 | _a991008307219705066 | ||
| 035 | _a(PL-WaBN)b12142803-48omnis_nlop | ||
| 035 | _ab12142803 | ||
| 035 | _a(OCoLC)749156309 | ||
| 035 | _azz2004786156 | ||
| 035 | _a(PL)b0000001214280 | ||
| 035 | _a(EXLNZ-48OMNIS_NETWORK)9910286854605606 | ||
| 040 |
_aWA N _cWA N _dKOSZ 005/RW |
||
| 046 | _k1985 | ||
| 080 | _a621.9-52 | ||
| 080 | _a519.61/.64 | ||
| 245 | 0 | 0 |
_aObrabiarki sterowane numerycznie : _bpodstawy eksploatacji / _cMariusz Bednarek [et al.]. |
| 250 | _aWydanie I. | ||
| 260 |
_aWarszawa : _bWydawnictwa Naukowo-Techniczne _c1985. |
||
| 300 |
_a266, [2] stron : _brysunki, wykresy ; _c24 cm. |
||
| 336 |
_aTekst _btxt _2rdacontent |
||
| 337 |
_aBez urządzenia pośredniczącego _bn _2rdamedia |
||
| 338 |
_aWolumin _bnc _2rdacarrier |
||
| 380 | _aKsiążki | ||
| 380 | _aPublikacje fachowe | ||
| 388 | 1 | _a1901-2000 | |
| 388 | 1 | _a1945-1989 | |
| 504 | _aBibliografia na stronach 263-[267]. | ||
| 521 | 8 | _aKsiążka jest przeznaczona dla szerokiego kręgu pracowników służb technicznych, organizacyjnych i ekonomicznych zajmujących się wdrażaniem i eksploatacją obrabiarek sterowanych numerycznie. | |
| 650 | 7 |
_aObrabiarka sterowana numerycznie _2DBN |
|
| 650 | 7 |
_aObsługa i eksploatacja _2DBN |
|
| 650 | 7 |
_aSterowanie numeryczne _2DBN |
|
| 655 | 7 | _aOpracowanie | |
| 658 | _aInżynieria i technika | ||
| 700 | 1 |
_aBednarek, Mariusz _eAutor |
|
| 700 | 1 |
_aBorowski, Józef _eAutor |
|
| 700 | 1 |
_aDworczyk, Mieczysław _d(1923-2010) _eAutor |
|
| 700 | 1 |
_aWąs, Andrzej _eAutor |
|
| 710 | 2 |
_aWydawnictwa Naukowo-Techniczne _4pbl |
|
| 856 |
_uhttps://koha.tu.koszalin.pl/cgi-bin/koha/opac-detail.pl?biblionumber=2386 _yKatalog online BPK |
||
| 942 |
_2UKD _cKS |
||
| 999 |
_c2386 _d2386 |
||